Central Library OPAC University of Rajshahi

Labor and management : (Record no. 52071)

MARC details
000 -LEADER
fixed length control field 00762nam a22002417a 4500
001 - CONTROL NUMBER
control field 52071
003 - CONTROL NUMBER IDENTIFIER
rucl marc code BD-RjUL
005 - DATE AND TIME OF LATEST TRANSACTION
control field 20211209075741.0
008 - FIXED-LENGTH DATA ELEMENTS--GENERAL INFORMATION
fixed length control field 160905s1959 enk||||| |||| 00| 0 eng d
035 ## - SYSTEM CONTROL NUMBER
System control number (BD-RjUL)52191
040 ## - CATALOGING SOURCE
Original cataloging agency BD-RjUL
Language of cataloging eng
Transcribing agency BD-RjUL
041 ## - LANGUAGE CODE
Language code of text/sound track or separate title eng
082 ## - DEWEY DECIMAL CLASSIFICATION NUMBER
Edition number 23
Classification number 331.15
Author mark and year LAB 1959
245 ## - TITLE STATEMENT
Title Labor and management :
Remainder of title a complete discussion and debate manual /
Statement of responsibility, etc. ed. by Bower Aly
260 ## - PUBLICATION, DISTRIBUTION, ETC. (IMPRINT)
Place of publication, distribution, etc. New York :
Name of publisher, distributor, etc. Noble,
Date of publication, distribution, etc. [©1959]
300 ## - PHYSICAL DESCRIPTION
Pagination V. ;
Size 23 cm.
490 ## - SERIES STATEMENT
Series statement NUEA discussion and debate manual, 33, 1959-1960.
505 0# - FORMATTED CONTENTS NOTE
Formatted contents note vol 1, 1959-1960 --
650 ## - SUBJECT ADDED ENTRY--TOPICAL TERM
Topical term or geographic name as entry element Debates and debating.
9 (RLIN) 155729
700 ## - ADDED ENTRY--PERSONAL NAME
Personal name Aly, Bower
856 ## - ELECTRONIC LOCATION AND ACCESS
Materials specified NUEA discussion and debate manual, 33, 1959-1960.
942 ## - ADDED ENTRY ELEMENTS (KOHA)
Source of classification or shelving scheme Dewey Decimal Classification
Koha item type Books
Holdings
Lost status Source of classification or shelving scheme Damaged status Not for loan Collection code Permanent Location Current Location Shelving location Date acquired Source of acquisition Total Checkouts Full call number Date last seen Copy number Koha item type
  Dewey Decimal Classification     Non-fiction Central Library, University of Rajshahi Central Library, University of Rajshahi   10/01/1962 Asia foundation   331.15 LAB V-1 1959 05/09/2016 C-2 Books